Вып. 5 : Методика интерпретации геофизических материалов в Нижнем Поволжье; Геофизический сборник

Podrobná bibliografie
Parent link:Геофизический сборник/ Саратовский государственный университет (СГУ). Вып. 5 : Методика интерпретации геофизических материалов в Нижнем Поволжье.— , 1973-1984
Jazyk:ruština
Vydáno: 1982
Témata:
Médium: MixedMaterials Kniha
KOHA link:https://koha.lib.tpu.ru/cgi-bin/koha/opac-detail.pl?biblionumber=315943

MARC

LEADER 00000nam2a2200000 4500
001 315943
005 20231102002827.0
035 |a (RuTPU)RU\TPU\book\341380 
035 |a RU\TPU\book\337767 
090 |a 315943 
100 |a 20160314d1982 km y0rusy50 ca 
101 0 |a rus 
102 |a RU 
105 |a a z 001zy 
200 0 |a Вып. 5 : Методика интерпретации геофизических материалов в Нижнем Поволжье 
210 |d 1982 
215 |a 135 с.  |c ил. 
320 |a Библиография в конце статей 
461 1 |0 (RuTPU)RU\TPU\book\121734  |t Геофизический сборник  |f Саратовский государственный университет (СГУ)  |v Вып. 5 : Методика интерпретации геофизических материалов в Нижнем Поволжье  |d 1973-1984 
606 1 |a Геофизика промысловая  |2 stltpush  |3 (RuTPU)RU\TPU\subj\51479  |9 70072 
610 1 |a разведочная геофизика 
610 1 |a Нижнее Поволжье 
610 1 |a сейсморазведка 
610 1 |a геофизические данные 
610 1 |a интерпретация 
610 1 |a геофизическая информация 
610 1 |a сейсмические процессы 
610 1 |a пластовое давление 
610 1 |a градиенты 
610 1 |a изменение 
610 1 |a шлам 
610 1 |a шлам 
610 1 |a дегазация 
610 1 |a новая техника 
610 1 |a экономическая эффективность 
675 |a 550.83  |v 3 
801 1 |a RU  |b 63413507  |c 20080404  |g PSBO 
801 2 |a RU  |b 63413507  |c 20191205  |g PSBO 
942 |c BK